00359nam a2200133Ia 450000500170000000800410001702000180005808200130007610000180008924500310010726000480013830000130018665000260019920250703152748.0240331s9999 xx 000 0 und d a9789556593174 bKADa950 aKadirgamar, S 0aYapana Tharuna Congressye  aColombo - ChennaibKumaran Book Storec2012 a140 p ., aJaffna Youth Congress